Questions sur les jeux Mario - Statistiques

Statistiques générales
  • Ce quiz a été pris 121 fois
  • Le résultat moyen est 10 sur 15
Statistiques - réponses
Question Réponse % Correct
Comment s'appelle le lapin voleur apparaissant pour la première fois dans New Super Mario Bros U ? Carottin
100%
Combien y a-t-il de circuits dans Mario kart 8 deluxe ? 48
83%
Comment s'appelle le chien fantôme dans Luigi's Mansion 2 ? Ectochien
83%
Quel est le personnage déblocable dans le stage Etoile-2 dans Super Mario 3D World ? Harmonie
83%
Dans quel jeu apparaît Fourretout ? Mario et Luigi les frères du temps
83%
Quel est le motif de la casquette de Waluigi ? Un "L" retourné
75%
Quel personnage incarne-t-on au début de Super Mario 64 DS Yoshi
75%
Comment s'appelle le gros Luma violet dans Super Mario Galaxy 2 ? Lubba
67%
Comment s'appelle l'antagoniste dans Paper Mario The Origami King ? Olly
58%
Comment débloquer le personnage R.O.B dans Mario Kart DS ? Obtenir le trophée d'or pour toutes les coupes Nitro en mode Miroir
50%
Comment s'appelle le pot de peinture dans Paper Mario Color Splash ? Peinturion
50%
Dans Super Mario Odyssey, quel est le nom du Broodal vêtu de vert ? Topper
50%
Dans Mario et Luigi Dream Team Bros, quel est le nom du prince des Koussinos ? Tédibert
42%
Dans Mario Party 9, comment se nomme le plateau dans lequel Whomp est un boss ? Panique à la fabrique
33%
Dans Super Mario Galaxy 1, comment s'appelle la galaxie dans laquelle on peut combattre le Requin Squelette ? Requin squelette
33%
Aucun quiz correspondant
Distribution des résultats
% des personnes avec chaque résultat
Percentile par nombre de réponses
Votre historique - résultats
Vous n’avez pas pris ce quiz